Automatizovaný systém plánových výpočtov

Uložené v:
Podrobná bibliografia
Hlavný autor: Bracjun, Anatolij
Korporativný autor: Vysoká škola ekonomická v Bratislave. Národohospodárska fakulta
Médium: Kniha
Jazyk:Slovak
Vydavateľské údaje: Bratislava VŠE 1986
Vydanie:2. vyd.
Tagy: Pridať tag
Žiadne tagy, Buďte prvý, kto otaguje tento záznam!

MARC

LEADER 00000nam a2200000 4500
001 c037913
005 20230116092226.5
041 0 |a slo 
044 |a SK 
245 1 0 |a Automatizovaný systém plánových výpočtov  |c Anatolij Bracjun 
250 |a 2. vyd. 
264 1 |a Bratislava  |b VŠE  |c 1986 
300 |a 126 s. 
100 1 |a Bracjun, Anatolij 
710 2 |a Vysoká škola ekonomická v Bratislave. Národohospodárska fakulta